Concepts of modern physics

Αποθηκεύτηκε σε:
Λεπτομέρειες βιβλιογραφικής εγγραφής
Κύριος συγγραφέας: Beiser, Arthur
Μορφή: Βιβλίο
Γλώσσα:English
Δημοσίευση: New York : McGraw-Hill, c1995.
Έκδοση:5η εκδ.
Θέματα:
Ετικέτες: Προσθήκη ετικέτας
Δεν υπάρχουν, Καταχωρήστε ετικέτα πρώτοι!

MARC

LEADER 00000cam a2200000 i 4500
001 1/84264
008 990630s1995 nyu| ||| |||| ||eng||
020 |a 0071138498  
035 |l 10051568 
040 |a GR-MyUa  |b gre  |e AACR2 
041 0 |a eng 
082 7 |a 539   |2 (22) 
100 1 |a Beiser, Arthur. 
245 1 0 |a Concepts of modern physics /   |c Arthur Beiser.  
250 |a 5η εκδ.  
260 |a New York :   |b McGraw-Hill,   |c c1995.  
300 |a xvi, 534 σ. :   |b εικ. ;   |c 26 εκ.  
650 0 |a Physics. 
767 0 8 |i Μεταφρασμένο ως:   |t Σύγχρονη φυσική /  
852 |a INST  |b SAMOS  |e 19990630  |h 539 BEI  |p 005300015019  |q 005300015019  |t BK  |y 0 
901 |a BIBL3-1999-2 
922 |a 3ΕΛΗ  |b 199905  |c ΚΠΣ  |d GLORY 
970 |a ΓΕΝΟΥΖΟΥ  |b ΧΡΥΣΑΝΘΗ  |z 1999/06/30